| 000 | 00421nam a2200157Ia 4500 | ||
|---|---|---|---|
| 008 | 220204s9999 xx 000 0 und d | ||
| 082 |
_a678.54 _bCAR |
||
| 245 | 0 | _aModification of polymers | |
| 260 |
_aNew York _bPlenum _c1983 |
||
| 490 | _aPolymer Science and technology V 21 | ||
| 650 | _aBlock additives | ||
| 650 | _aGraft copolymers | ||
| 700 | _aCarracher, Charles E | ||
| 700 | _aMoore, James A | ||
| 942 | _cBK | ||
| 999 |
_c39342 _d39342 |
||